| 000 | 04856nkm0a2200637 4500 | ||
|---|---|---|---|
| 001 | RU\NLR\BIBL_A\022644642 | ||
| 005 | 20251127233418.0 | ||
| 035 | _a(NLR Aleph) 022644642 | ||
| 071 | 5 | 0 |
_a445 _d5 коп. _91000 |
| 090 |
_a88921 _c88921 |
||
| 100 | _a20251015d1929 u y0rusy50 ca | ||
| 101 | 0 | _arus | |
| 102 | _aRU | ||
| 116 | _adiybxx zz ae | ||
| 135 | _acrcn 024anaba | ||
| 181 | 0 |
_ab4 _bxb2e |
|
| 182 | 0 | _an | |
| 200 | 1 |
_aДагестан _iАул Кум-Торкалэ _iГлавная улица _eпочтовая карточка |
|
| 203 |
_aИзображение _bнеподвижное _bдвухмерное _bвизуальное _cнепосредственное |
||
| 210 |
_a[Москва] _cИзд. Всесоюзное контрагентство печати _d[1929? _eМосква] _gФотот. пр. к. т-ва "Артель фототипов" |
||
| 215 |
_a1 л. _cфототип. _d10,4х14,7 |
||
| 300 | _aЦенз. разрешение: Главлит № А-9908 | ||
| 301 | _aИзд. номер: № 445 | ||
| 316 |
_aЭкз. РНБ на шифре Э ОТ63/Д140, инв.208902: 10,2х14,8 см. На адрес. стороне штемпель: К-во печати 5 к. _5NLR: Э ОТ63/Д140 |
||
| 325 | _aКопия доступна в Электрон. б-ке РНБ | ||
| 540 | 1 | _aДагестан. Аул Кум-Торкале | |
| 540 | 1 | _aДагестан. Аул Кумтор-Кале | |
| 540 | 1 | _aДагестан. Аул Кумтор-Кала | |
| 540 | 1 | _aДагестан. Аул Кумторкала | |
| 606 | 1 |
_aПочтовые открытки маркированные художественные _yСССР _z1917 - 1941 _2nlr_sh2 _3RU\NLR\AUTH\6601555037 |
|
| 606 | 1 |
_aФотографические открытки _2nlr_sh2 _3RU\NLR\AUTH\661600135 |
|
| 610 | 1 | _aВидовые открытки | |
| 617 |
_aСССР _bДагестанская АССР _dКум-Торкале, аул |
||
| 686 | 0 | _aЩ153(2)7-489 | |
| 712 | 0 | 2 |
_aВсесоюзное контрагентство печати _3RU\NLR\AUTH\885157 _4650 |
| 712 | 0 | 2 |
_a"Артель фототипов", промысловое кооперативное товарищество _cМосква _bФототипия _3RU\NLR\AUTH\880372943 _4610 |
| 830 | _aНадпись на фасаде станции - Кум-Торкале: https://putevodzvezda.ru/stanciya-kum-torkale/ (15.10.2025). АЯ ОЭФ | ||
| 830 | _a"Населённый пункт возник в 1916 году в связи со строительством железнодорожной станции Кумтор-Кале. По данным на 1929 год железнодорожная станция Кум-Торкале состояла из 18 хозяйств. В административном отношении входила в состав Кум-Торкалинского сельсовета Махачкалинского района": https://ru.wikipedia.org/wiki/Кумторкала_(станция) (15.10.2025). АЯ ОЭФ | ||
| 830 | _aКумторкала: https://www.google.ru/books/edition/РСФСР_административн/LEqqBA6-ESgC?hl=ru&gbpv=1&bsq=Кумторкала&dq=Кумторкала&printsec=frontcover (13.10.2025). АЯ ОЭФ | ||
| 830 | _aКумтор-Кале: https://www.google.ru/books/edition/Звери_СССР_и_прилежащ/aRvOEAAAQBAJ?hl=ru&gbpv=1&dq=Кумтор-Кале&pg=PA134&printsec=frontcover (13.10.2025). АЯ ОЭФ | ||
| 830 | _aКумтор-Кала: https://www.google.ru/books/edition/Сборник_трудов_Госуда/NrbIEAAAQBAJ?hl=ru&gbpv=1&dq=Кумтор-Кала&pg=PA204&printsec=frontcover (13.10.2025). АЯ ОЭФ | ||
| 830 | _aОткрытка датирована по экз. РНБ на шифре Э ОТ63/Д140, инв.66533: на адресной стороне штамп, содержащий год поступления в РНБ: "Гос. Публичн. Б-ка 1929. Об. экз. Лнгр.", 1049. АЯ ОЭФ | ||
| 852 | 0 | 0 |
_aNLR _bЭ _jОТ63/Д140 _mинв.66533 |
| 852 | 0 | 0 |
_aNLR _bЭ _jОТ63/Д140 _mинв.208902 |
| 856 | 0 | _uhttps://vivaldi.nlr.ru/lo000072287/view | |
| 856 | 1 | _uhttps://vivaldi.nlr.ru/lo000072287/cover | |
| 856 | 2 | _uhttps://vivaldi.nlr.ru/lo000072287/text | |
| 901 | _eИзографические материалы | ||
| 942 | _cVISUAL | ||
| 945 | _aРоссийская национальная библиотека | ||
| 980 | _aBV | ||
| 980 | _aNB | ||
| 981 | 1 | 7 |
_a(17) Изографические материалы _b(17) Открытки |